España sobre todo

Gespeichert in:
Bibliographische Detailangaben
1. Verfasser: Santacruz, P. Autor
Format: keine Angabe
Sprache:Spanisch
Erschienen: Madrid Viuda e hijos de Jaime Ratés 1926
Ausgabe:
Katalog:MANES:  Suchergebnis im Bibliothekskatalog
Schulbuchspezifische Eigenschaften:
Tags: Tag hinzufügen
Keine Tags, Fügen Sie den ersten Tag hinzu!
Hinzugefügt zu:26.04.2016

MARC

LEADER 000000000a22000000004500
001 17966
003 OSt
008 160427s sp ||||| |||| 00| 0 spa d
041 1 |a spa 
040 |c centro_manes 
691 7 |a PRI 
691 0 |a SE 
100 1 |a Santacruz, P.  |b Autor  |9 11700 
245 0 0 |a España sobre todo 
250 |a 2º 
260 3 |a Madrid  |b Viuda e hijos de Jaime Ratés  |c 1926 
300 |a 269p  |c 12 * 19 cm 
500 |a ILUSTRACIONES: Contiene dibujos en blanco y negro. ENCUADERNACIÓN: Cartoné. DESCRIPCIÓN CONTENIDO: Libro de lectura. Lecturas patrióticas. PALABRAS CLAVE: Texto didáctico. Libro de lectura. NéMERO EJEMPLARES: 1. Nº TOPOGRÁFICO: 2444. CONSERVACIÓN: Buena. 
690 0 |a HI 
942 |2 ddc  |c BK 
546 |a España 
999 |c 23935  |d 23935 
999 |c manes:23935  |d 23935